[Event "LTU-ch"]
[Site "Vilnius"]
[Date "1995.??.??"]
[Round "3"]
[White "Sarakauskas, Gediminas"]
[Black "Zebelys, Rimantas"]
[Result "1-0"]
[WhiteElo "2160"]
[BlackElo "2205"]

1.e4 c5 2.c3 Nf6 3.e5 Nd5 4.d4 cxd4 5.cxd4 e6 6.Bd3 d6 7.Nf3 Nc6 8.O-O Qc7
9.Re1 Be7 10.exd6 Bxd6 11.Nc3 Nxc3 12.bxc3 Ne7 13.c4 b6 14.Ng5 h6 15.Nxf7 Bxh2+
16.Kf1 O-O 17.Nxh6+ gxh6 18.Qg4+ Kh8 19.Bxh6 Rf7 20.Qh5 Kg8 21.Re4 Nf5 22.Rg4+ Kh8
23.Bg7+ Kg8 24.Qh8+  1-0

[Event "Vinkovci"]
[Site "Vinkovci"]
[Date "1995.??.??"]
[Round "?"]
[White "Rosandic, Denis"]
[Black "Stohl, Igor"]
[Result "0-1"]
[WhiteElo "2385"]
[BlackElo "2530"]

1.e4 c5 2.c3 Nf6 3.e5 Nd5 4.d4 cxd4 5.cxd4 e6 6.a3 b6 7.Nf3 Be7 8.Bc4 Ba6
9.Bxa6 Nxa6 10.O-O O-O 11.Nbd2 f6 12.exf6 gxf6 13.Ne4 Kh8 14.Nc3 Nac7 15.Be3 Rg8
16.Ne1 f5 17.Nd3 Bd6 18.Qh5 Rg4 19.Ne5 Bxe5 20.dxe5 Nxc3 21.bxc3 Nd5 22.h3 Rg6
23.c4 Nxe3 24.fxe3 Qc7 25.Rad1 Rag8 26.Rf2 R6g7 27.Rd6 Qc5 28.Rd4 Qxe5 29.Qh6 Rg6
30.Qf4 Qg7 31.Rdd2 Rg3 32.Qc7 Rxh3 33.Rxd7 Qa1+  0-1

[Event "Vinkovci"]
[Site "Vinkovci"]
[Date "1995.??.??"]
[Round "?"]
[White "Rosandic, Denis"]
[Black "Palac, Mladen"]
[Result "0-1"]
[WhiteElo "2385"]
[BlackElo "2545"]

1.e4 c5 2.c3 Nf6 3.e5 Nd5 4.d4 cxd4 5.cxd4 d6 6.Nf3 Nc6 7.Bc4 Nb6 8.Bb5 dxe5
9.Nxe5 Bd7 10.Bxc6 Bxc6 11.Nxc6 bxc6 12.O-O g6 13.Re1 Bg7 14.Bg5 O-O 15.Bxe7 Qxd4
16.Nc3 Rfe8 17.Qf3 Qd7 18.Bc5 Nc4 19.Red1 Qe6 20.b3 Nb2 21.Rdc1 Rad8 22.Be3 Nd3
23.Rc2 Nb4 24.Rcc1 Rd3 25.Qf4 Bxc3 26.Rxc3 Nd5  0-1

[Event "Vinkovci"]
[Site "Vinkovci"]
[Date "1995.??.??"]
[Round "?"]
[White "Stevic, Hrvoje"]
[Black "Palac, Mladen"]
[Result "1/2-1/2"]
[WhiteElo "2300"]
[BlackElo "2545"]

1.e4 c5 2.c3 Nf6 3.e5 Nd5 4.g3 d6 5.exd6 Qxd6 6.Bg2 Nc6 7.Ne2 g6 8.Na3 Nc7
9.O-O Bg7 10.d3 O-O 11.Nc4 Qd7 12.Be3 Ne6 13.Qc2 Rb8 14.a4 b6 15.Rad1 Bb7
16.Qb3 Ba8 17.Rfe1 a6 18.d4 cxd4 19.cxd4 Na5 20.Nxa5 bxa5 21.Qd3 Bxg2 22.Kxg2 Rxb2
23.Qxa6 Qxa4 24.Ra1 Qc2 25.Qxa5 Qd3 26.Ra3 Qe4+ 27.Kg1 Rb1 28.Ra1 Rxa1 29.Qxa1 Rd8
30.Qa5 Qb7 31.Nf4 Ra8 32.Qd5 Qxd5 33.Nxd5 Kf8 34.Nb6 Rd8 35.d5 Nd4  1/2-1/2

[Event "Vladivostok2 op"]
[Site "Vladivostok"]
[Date "1995.??.??"]
[Round "2"]
[White "Cherniaev, Alexander"]
[Black "Saltaev, Mihail"]
[Result "1/2-1/2"]
[WhiteElo "2450"]
[BlackElo "2520"]

1.e4 c5 2.c3 Nf6 3.e5 Nd5 4.Nf3 e6 5.Bc4 d6 6.d4 cxd4 7.cxd4 Nc6 8.O-O Be7
9.Qe2 O-O 10.Qe4 dxe5 11.dxe5 Qc7 12.Bd3 g6 13.Bh6 Rd8 14.Nbd2 Bd7 15.a3 Be8
16.Rfe1 Nb6 17.Bf1 Rd5 18.Rac1 Qd8 19.Qf4 Nd4 20.Bg5 Nxf3+ 21.Nxf3 Bc6 22.Qh4 Bxg5
23.Nxg5 h5 24.Qf4 Qe7 25.Ne4 Nd7 26.Nc3 Ra5 27.a4 Nb6 28.b4 Nd5 29.Nxd5 Rxd5
30.b5 Be8 31.Red1 Rxd1 32.Rxd1 Kg7 33.h4 Rc8 34.Be2 Rc5 35.Rd3 a6 36.bxa6 bxa6
37.Bxh5 Qc7 38.Qf6+ Kh7 39.f4 Rc1+ 40.Kh2 Qb6 41.Bf3 Qg1+ 42.Kg3 Rf1 43.a5 Qf2+
44.Kg4 Rg1 45.h5 gxh5+ 46.Kxh5 Rh1+ 47.Kg4 Rh2 48.Rc3 Qe1 49.Rc7 Rh6 50.Rxf7+ Bxf7
51.Qxf7+ Kh8 52.g3 Rh4+  1/2-1/2

[Event "AUT-chT9596"]
[Site "Vorarlberg"]
[Date "1995.??.??"]
[Round "5"]
[White "Mittelberger, Hermann"]
[Black "Hagen, Kurt"]
[Result "1/2-1/2"]
[WhiteElo "1870"]
[BlackElo "2105"]

1.e4 c5 2.c3 Nf6 3.e5 Nd5 4.Nf3 Nc6 5.d4 cxd4 6.cxd4 e6 7.Nc3 Nxc3 8.bxc3 d6
9.Bf4 dxe5 10.Nxe5 Nxe5 11.Bxe5 Bd7 12.Bd3 Rc8 13.O-O Bc6 14.c4 Bd6 15.Qh5 g6
16.Qe2 O-O 17.Rfd1 Re8 18.Bc2 f6 19.Bxd6 Qxd6 20.Bb3 Kg7 21.Qd3 Rcd8 22.Rac1 Re7
23.d5 exd5 24.cxd5 Bd7 25.Re1 Rde8 26.Rxe7+ Rxe7 27.h3 Be8 28.Qd4 a6 29.g3 Bf7
30.Kg2 g5 31.h4 gxh4 32.gxh4 Bg6 33.Qg4 h5 34.Qg3 Qxg3+ 35.Kxg3 Rd7 36.Kf4 Kf8
37.Rc8+ Ke7 38.Ke3 Kd6 39.Kd4 Re7 40.f3 Re8 41.Rc1 Bf7 42.Rg1 Rg8 43.Rxg8 Bxg8
44.f4 b5 45.a3 Bh7 46.Bd1 Bg6 47.Bb3 Bf7 48.Ba2 a5 49.Bb3 b4 50.axb4 axb4
51.Ba2 Bg6 52.Bb3 Bf5 53.Bd1 Bg4 54.Bb3 Bf3 55.f5 Bg4 56.Bc2 Bh3 57.Be4 b3
58.Kc3 Ke5 59.Bh1 Bxf5 60.Kxb3 Bd3 61.Bf3 Bg6 62.Kc4 Kd6 63.Kd4 f5 64.Bg2 f4  1/2-1/2

[Event "Wattens op"]
[Site "Wattens"]
[Date "1995.??.??"]
[Round "?"]
[White "Delmarko, Dietmar"]
[Black "Natter, Siegfried"]
[Result "0-1"]
[WhiteElo "1710"]
[BlackElo "2035"]

1.e4 c5 2.c3 Nf6 3.d3 Nc6 4.Nf3 Qc7 5.Be2 d5 6.Qc2 dxe4 7.dxe4 g6 8.h3 Bg7
9.Be3 b6 10.Nbd2 O-O 11.O-O Bb7 12.Ne1 e5 13.Rd1 Rad8 14.f3 Nh5 15.Rf2 Ng3
16.Bd3 Qe7 17.Nf1 Nxf1 18.Bxf1 Rxd1 19.Qxd1 Rd8 20.Rd2 Bf6 21.Rxd8+ Qxd8
22.Qd5 Na5 23.Qxd8+ Bxd8 24.Nc2 Be7 25.Na3 a6 26.Nc4 Nxc4 27.Bxc4 b5 28.Bd3 c4
29.Be2 f5 30.exf5 gxf5 31.g3 Kf7 32.Kf2 Ke6 33.a4 Bd5 34.axb5 axb5 35.Bd1 Bd6
36.Bc2 h5 37.Bd1 f4 38.gxf4 exf4 39.Bd4 h4 40.Bc2 Be5 41.Bxe5 Kxe5 42.Kg2 Be6
43.Kh2 Kd6 44.Kg2 Kc5 45.Kh2 b4 46.Kg2 Kb5 47.Kh2 Ka5 48.Kg2 Bd7 49.Kh2 bxc3
50.bxc3 Ba4 51.Bf5 Bd1 52.Be6 Be2 53.Kg2 Ka4 54.Kf2 Bd3 55.Ke1 Kb3 56.Kd2 Bf1
57.Bf5 Bg2 58.Bg4 Kb2 59.Be6 Bf1 60.Bf5 Bg2 61.Bg4 Kb3 62.Ke2 Kxc3 63.Kf2 Bh1
64.Kg1 Kd2 65.Kxh1 c3 66.Bf5 c2 67.Bxc2 Kxc2 68.Kg2 Kd3 69.Kf2 Kd2 70.Kf1 Ke3
71.Kg2 Ke2 72.Kg1 Kxf3 73.Kh2 Kf2 74.Kh1 Kg3 75.Kg1 Kxh3 76.Kh1 Kg3 77.Kg1 Kf3
78.Kf1 Ke3 79.Kg2 Ke2 80.Kh2 h3 81.Kg1 h2+ 82.Kg2 f3+ 83.Kxh2 f2 84.Kg3 f1=Q  0-1

[Event "Wattens op"]
[Site "Wattens"]
[Date "1995.??.??"]
[Round "?"]
[White "Trabert, Bettina"]
[Black "Kondrak, Christoph"]
[Result "1/2-1/2"]
[WhiteElo "2210"]
[BlackElo "2060"]

1.e4 c5 2.c3 Nf6 3.e5 Nd5 4.d4 cxd4 5.Nf3 e6 6.cxd4 d6 7.a3 Nc6 8.Bd3 dxe5
9.dxe5 Qc7 10.O-O Nxe5 11.Nxe5 Qxe5 12.Bb5+ Bd7 13.Bxd7+ Kxd7 14.Nc3 Bd6
15.f4 Bc5+ 16.Kh1 Qd4 17.Qf3 Rhd8 18.Nxd5 exd5 19.Rd1 Qf2 20.Qg4+ Ke7 21.Qxg7 Rg8
22.Qe5+ Kf8 23.Qxd5 Rg6 24.Qxb7 Re8 25.Bd2 Rb6 26.Qf3 Qxf3 27.gxf3 Rxb2 28.Bc3 Rf2
29.Rd5 Ree2  1/2-1/2

[Event "Wattens op"]
[Site "Wattens"]
[Date "1995.??.??"]
[Round "?"]
[White "Gerhold, Michael"]
[Black "Baur, Volker"]
[Result "1-0"]
[WhiteElo "2240"]
[BlackElo "1605"]

1.e4 c5 2.c3 Nf6 3.e5 Nd5 4.Nf3 e6 5.Bc4 Nb6 6.Bb3 d5 7.d4 Nc6 8.O-O Be7
9.Re1 Nd7 10.Nbd2 O-O 11.Nf1 Re8 12.Ng3 Nf8 13.Be3 b6 14.h3 Na5 15.Bc2 Nc4
16.Bc1 b5 17.Nh2 a5 18.Nh5 f5 19.exf6 Bxf6 20.Nxf6+ Qxf6 21.Ng4 Qe7 22.b3 Nb6
23.Bf4 Ba6 24.Qf3 Nbd7 25.Qg3 Kh8 26.Bd6 Qd8 27.dxc5 Rc8 28.b4 axb4 29.cxb4 Nb6
30.Bxf8 Rxf8 31.Qd3  1-0

[Event "Wattens op"]
[Site "Wattens"]
[Date "1995.??.??"]
[Round "?"]
[White "Trabert, Bettina"]
[Black "Kerschenbauer, Franz"]
[Result "1-0"]
[WhiteElo "2210"]
[BlackElo "1885"]

1.e4 c5 2.c3 Nf6 3.e5 Nd5 4.d4 d6 5.Nf3 Nc6 6.exd6 Qxd6 7.Na3 cxd4 8.Nb5 Qd8
9.Bc4 Nc7 10.Nfxd4 Nxd4 11.Qxd4 Nxb5 12.Bxf7+  1-0

[Event "NBG Open Weilburg"]
[Site "Weilburg"]
[Date "1995.??.??"]
[Round "2"]
[White "Pinkus, Lutz"]
[Black "Hilmer, Frank"]
[Result "1/2-1/2"]
[WhiteElo "2390"]
[BlackElo "2215"]

1.e4 c5 2.c3 Nf6 3.e5 Nd5 4.d4 cxd4 5.Qxd4 Nc7 6.Bc4 Nc6 7.Qe4 g6 8.Nf3 Bg7
9.h4 b5 10.Bb3 Bb7 11.h5 Na5 12.Qe2 Bxf3 13.Qxf3 Nxb3 14.axb3 Bxe5 15.Qe3 Bg7
16.hxg6 hxg6 17.Rxh8+ Bxh8 18.Rxa7 Rxa7 19.Qxa7 d6 20.Na3 Kf8 21.Qb7 Qd7
22.Be3 Bf6 23.b4 Kg7 24.g3 d5 25.Nxb5 Qxb5 26.Qxc7 Qd3 27.Qf4 g5 28.Qg4 Qb1+
29.Ke2 Qxb2+ 30.Kf1 Qxc3 31.Bxg5 Qd3+ 32.Kg2 Bxg5 33.Qxg5+ Kf8 34.Qh6+ Ke8
35.Qc6+ Kd8 36.b5 Qe4+ 37.Kg1 Qb1+ 38.Kh2 Qh7+ 39.Kg1 Qb1+ 40.Kg2 Qe4+ 41.Kh2  1/2-1/2

[Event "NBG Open Weilburg"]
[Site "Weilburg"]
[Date "1995.??.??"]
[Round "4"]
[White "Sicker, Rolf"]
[Black "Kuhn, Manfred"]
[Result "1/2-1/2"]
[WhiteElo "2240"]
[BlackElo "2250"]

1.e4 c5 2.c3 Nf6 3.e5 Nd5 4.d4 cxd4 5.Nf3 Nc6 6.cxd4 d6 7.Bc4 e6 8.Bxd5 exd5
9.O-O dxe5 10.Nxe5 Be7 11.Nxc6 bxc6 12.Qc2 Bd7 13.Re1 O-O 14.Bf4  1/2-1/2

[Event "Sonnevanck-B"]
[Site "Wijk aan Zee"]
[Date "1995.??.??"]
[Round "1"]
[White "Jonkman, Harmen"]
[Black "De Vreugt, Dennis"]
[Result "1-0"]
[WhiteElo "2290"]
[BlackElo "2270"]

1.e4 c5 2.c3 Nf6 3.e5 Nd5 4.Nf3 e6 5.Bc4 d6 6.d4 cxd4 7.cxd4 Nc6 8.O-O Be7
9.Qe2 O-O 10.Qe4 b6 11.Nc3 Nxc3 12.Qxc6 Bd7 13.Qb7 Bb5 14.Bxb5 Nxb5 15.Bf4 dxe5
16.dxe5 Nc7 17.Rac1 Nd5 18.Bd2 Bc5 19.Rc4 a5 20.Rfc1 h6 21.a3 a4 22.Qc6 Qe8
23.Qxe8 Rfxe8 24.Kf1 Red8 25.Rg4 Kf8 26.Rcc4 Nc7 27.Rxa4 Rxa4 28.Rxa4 b5
29.Re4 Rd3 30.Ke2 Rd8 31.Ne1 Bd4 32.Ba5  1-0

[Event "Sonnevanck"]
[Site "Wijk aan Zee"]
[Date "1995.??.??"]
[Round "1"]
[White "Van Mil, Johannes A J"]
[Black "Nijboer, Friso"]
[Result "0-1"]
[WhiteElo "2475"]
[BlackElo "2510"]

1.e4 c5 2.c3 Nf6 3.e5 Nd5 4.d4 cxd4 5.Nf3 Nc6 6.Bc4 Nb6 7.Bb3 d5 8.exd6 Qxd6
9.Na3 dxc3 10.Qe2 Bf5 11.Nb5 Qd7 12.Ne5 Nxe5 13.Qxe5 f6 14.Nd6+ Qxd6 15.Qxf5 g6
16.Qe4 Qc6 17.Qxc6+ bxc6 18.bxc3 e5 19.f4 Bd6 20.O-O O-O-O 21.fxe5 Bxe5 22.Rf3 Rhe8
23.Bh6 Rd7 24.Rd1 Rxd1+ 25.Bxd1 Kc7 26.Bb3 Nd5 27.Bd2 f5 28.g4 Bxh2+ 29.Kxh2 Re2+
30.Kg3 Rxd2 31.gxf5 gxf5 32.Rxf5 Nxc3 33.Bg8 Rd7 34.Kf3 Rg7 35.Bb3 Nb5 36.Ke3 Re7+
37.Kd2 Rd7+ 38.Kc1 Nd4 39.Rh5 Nxb3+ 40.axb3 Kd6 41.Kc2 Ke6 42.Kc3 Kf6 43.Rh1 Kg7
44.Rg1+ Kh8 45.Rh1 Rd6 46.Kc4 h6 47.Kc5 Rf6 48.b4 Kg7 49.Rg1+ Rg6 50.Ra1 h5
51.Rxa7+ Kh6 52.Kd4 Rg4+ 53.Kd3 h4 54.Ra6 Rg6 55.Ke2 Kh5 56.Kf2 h3 57.Ra1 Rg4
58.Rc1 h2 59.Rh1 Rh4 60.Kg3 Kg5  0-1

[Event "Sonnevanck-B"]
[Site "Wijk aan Zee"]
[Date "1995.??.??"]
[Round "3"]
[White "Van de Oudeweetering, Arthur"]
[Black "De Vreugt, Dennis"]
[Result "0-1"]
[WhiteElo "2330"]
[BlackElo "2270"]

1.e4 c5 2.c3 Nf6 3.e5 Nd5 4.d4 cxd4 5.Nf3 e6 6.cxd4 d6 7.a3 Bd7 8.Bd3 Bc6
9.O-O Nd7 10.Nbd2 dxe5 11.dxe5 Nc5 12.Be4 Be7 13.Nd4 Qc7 14.Nxc6 bxc6 15.Qe2 Nxe4
16.Qxe4 O-O 17.Nc4 Nb6 18.Na5 Rac8 19.Bd2 Rfd8 20.Rfd1 Rd5 21.Bc3 Qd7 22.Re1 c5
23.Nc4 Nxc4 24.Qxc4 h6 25.Re4 Rd3 26.Rae1 Bg5 27.f4 Bh4 28.g3 Bd8 29.Qa4 Rc6
30.Qc4 Qd5 31.Kf2 Qd7 32.Ke2 Rd5 33.Rf1 g6 34.Rf3 Rc8 35.g4 Be7 36.f5 Bg5
37.f6 Rd8 38.Kf2 Rd1 39.Qxc5 Rh1 40.Rd4 Qe8 41.Rfd3 Rxd4 42.Rxd4 Qa8 43.Ke2 Rxh2+
44.Kd3 Rh3+ 45.Kc4 Be3 46.a4 Bxd4 47.Bxd4 a6 48.Bc3 Rg3 49.Qd4 g5 50.Kc5 Rf3
51.Kb6 Rf4 52.Qd7 Rxg4 53.Bd4 h5 54.Bc5 h4 55.b4 h3 56.Qd1 Qe4 57.Qd8+ Kh7
58.Qe8 Qg6 59.Bf8 h2 60.Bg7 Qh5 61.Qf8 Kg6  0-1

[Event "Sonnevanck-B"]
[Site "Wijk aan Zee"]
[Date "1995.??.??"]
[Round "7"]
[White "Van de Oudeweetering, Arthur"]
[Black "Los, Sander"]
[Result "1/2-1/2"]
[WhiteElo "2330"]
[BlackElo "2365"]

1.e4 c5 2.c3 Nf6 3.e5 Nd5 4.d4 cxd4 5.Nf3 Nc6 6.Bc4 Nb6 7.Bb3 d6 8.exd6 Qxd6
9.O-O Be6 10.Bxe6 Qxe6 11.Nxd4 Nxd4 12.Qxd4 Rd8 13.Qh4 Qe2 14.Be3 Qxb2 15.Nd2 Rxd2
16.Rab1 Qxc3 17.Bxd2 Qxd2 18.Qh5 g5 19.Rfd1 Qf4 20.Qe2 Bh6 21.Qb5+ Kf8 22.Qa5 e6
23.Qc3 Bg7 24.Qa3+ Ke8 25.Qxa7 Bd4 26.Qxb7 Kf8 27.Rxd4  1/2-1/2

[Event "Yalta op"]
[Site "Yalta"]
[Date "1995.??.??"]
[Round "3"]
[White "Stukalov, Vladimir"]
[Black "Golubev, Mihail"]
[Result "0-1"]
[WhiteElo "2235"]
[BlackElo "2570"]

1.e4 c5 2.c3 Nf6 3.e5 Nd5 4.d4 cxd4 5.Nf3 d6 6.cxd4 Nc6 7.exd6 Qxd6 8.Nc3 g6
9.Be2 Bg7 10.O-O O-O 11.Nb5 Qd8 12.h3 Bf5 13.a3 Rc8 14.Bg5 h6 15.Bd2 Kh7
16.Be3 Qb6 17.g4 Be6 18.Nc3 Qxb2 19.Na4 Nxe3 20.fxe3 Qb3 21.Qxb3 Bxb3 22.Nc5 Bd5
23.Rad1 b6 24.Nd7 Rg8 25.Nde5 Bxe5 26.Nxe5 Nxe5 27.dxe5 Rc5  0-1

[Event "RUS-sf"]
[Site "Yaroslavl"]
[Date "1995.??.??"]
[Round "5"]
[White "Malevinsky, Alexander A"]
[Black "Gorshkov, Alexander A"]
[Result "1-0"]
[WhiteElo "2385"]
[BlackElo "2350"]

1.e4 c5 2.c3 Nf6 3.e5 Nd5 4.d4 cxd4 5.Nf3 e6 6.cxd4 b6 7.Nc3 Bb7 8.Bb5 Be7
9.O-O O-O 10.Re1 f5 11.Bd2 Qe8 12.Bc4 Nxc3 13.Bxc3 Na6 14.d5 Nc5 15.dxe6 dxe6
16.Nd4 Rd8 17.Qe2 Qg6 18.f3 a5 19.Rad1 Bg5 20.Nb5 Bf4 21.Rd6 Qh5 22.h3 Rb8
23.Nd4 Kh8 24.Rd1 h6 25.Nxe6 Nxe6 26.Bxe6 Qg5 27.Bd2 Bxd2 28.R1xd2 b5 29.Bd7 b4
30.e6 Qe7 31.Qe5 Rf6 32.Rb6  1-0

[Event "Zadar op"]
[Site "Zadar"]
[Date "1995.??.??"]
[Round "?"]
[White "Rosandic, Denis"]
[Black "Ljubicic, Filip"]
[Result "0-1"]
[WhiteElo "2385"]
[BlackElo "2395"]

1.e4 c5 2.c3 Nf6 3.e5 Nd5 4.d4 cxd4 5.Nf3 Nc6 6.Bc4 Nb6 7.Bb3 d5 8.exd6 Qxd6
9.O-O d3 10.Ng5 e6 11.Qh5 g6 12.Qf3 Qe7 13.Qxd3 Bg7 14.Ne4 O-O 15.Bg5 f6
16.Bf4 Rd8 17.Qg3 Na5 18.Bc7 Rd7 19.Bd6 Qf7 20.Nc5 Nxb3 21.axb3 Rxd6 22.Qxd6 Bf8
23.Qd8 Bd7 24.Qc7 Rc8 25.Qxb7 Rxc5 26.Rxa7 Nc8 27.Ra8 Rb5 28.Qc7 Nb6 29.Rb8 Nd5
30.Qa7 Rxb8 31.Qxb8 Bc6 32.b4 e5 33.Nd2 Nf4 34.f3 Qd7 35.Nb1 Qd3 36.Qb6 Ne2+
37.Kh1 Ng3+ 38.hxg3 Qxf1+ 39.Kh2 Bxf3 40.gxf3 Qxb1 41.Qe6+ Kg7 42.Qd7+ Kh8
43.Qf7 Qc2+ 44.Kg1 Qd1+ 45.Kg2 Qd2+ 46.Kf1 Qd8 47.Kg2 f5 48.Qe6 Qe7  0-1

[Event "EU-ch U16 Girls"]
[Site "Zagan"]
[Date "1995.??.??"]
[Round "3"]
[White "Vajda, Szidonia"]
[Black "Kiss, Fernanda"]
[Result "0-1"]
[WhiteElo "2265"]
[BlackElo "2130"]

1.e4 c5 2.c3 Nf6 3.e5 Nd5 4.d4 cxd4 5.Nf3 e6 6.cxd4 d6 7.a3 Bd7 8.Bd3 Bc6
9.O-O Nd7 10.Qe2 dxe5 11.Nxe5 Nxe5 12.dxe5 g6 13.Bd2 Bg7 14.Nc3 O-O 15.Rad1 Rc8
16.Rfe1 Qh4 17.Nxd5 Bxd5 18.Bc3 Rfd8 19.g3 Qd4 20.Be4 Bxe4 21.Qxe4 Qxd1 22.Rxd1 Rxd1+
23.Kg2 Rd5 24.h4 h5 25.Qf4 b5 26.Qg5 a5 27.Bxa5 Bxe5 28.Qe7 Bxb2 29.Qb7 Rdc5
30.Bb4 Rc2 31.Qxb5 Bd4 32.Be1 e5 33.a4 e4 34.Qd5 Bc3 35.Bxc3 R2xc3 36.Qxe4 R8c7  0-1

[Event "EU-ch U18"]
[Site "Zagan"]
[Date "1995.??.??"]
[Round "10"]
[White "Guerrieri, Lorenzo"]
[Black "Zitin, Yuri"]
[Result "1/2-1/2"]
[WhiteElo "2210"]
[BlackElo "2315"]

1.e4 c5 2.c3 Nf6 3.e5 Nd5 4.d4 cxd4 5.Nf3 Nc6 6.Bc4 Nb6 7.Bb3 d5 8.exd6 Qxd6
9.O-O Be6 10.Bxe6 Qxe6 11.Nxd4 Qd7 12.Be3 Nc4 13.Nd2 Nxe3 14.fxe3 g6 15.Qb3 Nd8
16.Ne4 Bg7 17.Nc5 Qc8 18.Qb5+ Nc6 19.Qxb7 Qxb7 20.Nxb7 Ne5 21.Na5 Rc8 22.Rac1 O-O
23.Rfd1 Bh6 24.Ne2 Rfd8 25.h3 Nd3 26.Rb1 e5 27.Kf1 e4 28.Rd2 Rd5 29.Nb3 Rb5
30.Ned4 Rb6 31.Ke2 Rf6 32.Rf1 Rxf1 33.Kxf1 Bxe3 34.Re2 Bxd4 35.Nxd4 f5 36.Nb5 a6
37.Nd6 Rc6 38.Nb7 Rb6 39.Na5 Nxb2 40.c4 Nd3 41.Rc2 Rb1+ 42.Ke2 Rb2 43.Rxb2 Nxb2
44.c5 Kf7 45.Ke3 Ke6 46.Kd4 Nd3 47.Nb7 Kd7 48.g4 Nf4 49.gxf5 gxf5 50.h4 Ne6+
51.Ke3 h5 52.Nd6 Ng7 53.Kd4 Kc6 54.a3 e3 55.Kxe3 Kxc5 56.Nb7+ Kc6 57.Nd8+ Kb6
58.Kf4 Kc5 59.Nb7+ Kc4 60.a4 Kd5 61.a5 Kc6 62.Nd8+ Kd7 63.Nb7 Kc6 64.Nd8+ Kc7
65.Nf7 Kd7 66.Ne5+ Ke6 67.Nc6 Kf6 68.Nb4 Ne6+ 69.Kf3 Ke5 70.Nxa6 Nd4+ 71.Kf2 Nc6
72.Nc5 Nxa5 73.Kf3 Nc6 74.Nd3+ Kf6 75.Nf4 Ne5+ 76.Kg3 Ng6 77.Nxh5+ Ke6 78.Kf2  1/2-1/2

[Event "Zalakaros op"]
[Site "Zalakaros"]
[Date "1995.??.??"]
[Round "6"]
[White "Csikos, Mihaly"]
[Black "Ruck, Tamas"]
[Result "1-0"]
[WhiteElo "2095"]
[BlackElo "2265"]

1.e4 c5 2.c3 Nf6 3.e5 Nd5 4.Nf3 e6 5.d4 cxd4 6.cxd4 d6 7.exd6 Bxd6 8.Nc3 Nxc3
9.bxc3 Qc7 10.Bd2 b6 11.Bd3 Nd7 12.O-O Bb7 13.h3 O-O 14.c4 e5 15.Ng5 Nf6
16.Qc2 h6 17.Nh7 Nxh7 18.Bxh7+ Kh8 19.d5 Rac8 20.Rac1 Qe7 21.Be4 Rc7 22.Qb1 Ba6
23.Bd3 Bc5 24.Kh1 Ba3 25.Rc2 e4 26.Re1 exd3 27.Rxe7 dxc2 28.Qxc2 Bxe7 29.Qe4 Bf6
30.g4 Rxc4 31.Qf5 Bc8 32.Qh5 Kg8 33.f4 Bb7 34.g5 Bxd5+ 35.Kg1 hxg5 36.fxg5 g6
37.Qe2 Re4 38.Qd3 Bd4+ 39.Kf1 Rc8 40.Qg3 Bc4+  1-0

[Event "EU-ch U20 Girls"]
[Site "Zanka"]
[Date "1995.??.??"]
[Round "1"]
[White "Maric, Katarina"]
[Black "Medvegy, Nora"]
[Result "0-1"]
[WhiteElo "2045"]
[BlackElo "2235"]

1.e4 c5 2.c3 Nf6 3.e5 Nd5 4.d4 cxd4 5.Nf3 e6 6.cxd4 b6 7.a3 Bb7 8.Bd3 Be7
9.O-O O-O 10.Nc3 Nxc3 11.bxc3 d6 12.Qc2 h6 13.Be4 Bxe4 14.Qxe4 Nd7 15.exd6 Bxd6
16.Ne5 Rc8 17.Nxd7 Qxd7 18.Bd2 Rc4 19.f4 Rfc8 20.f5 e5 21.f6 exd4 22.cxd4 Rxd4
23.Qe1 Rxd2 24.fxg7 Rcc2 25.Qe4 Rxg2+ 26.Qxg2 Rxg2+ 27.Kxg2 Qg4+ 28.Kf2 Bc5+
29.Ke1 Qe4+ 30.Kd2 Be3+  0-1

[Event "Zaragoza op-A"]
[Site "Zaragoza"]
[Date "1995.??.??"]
[Round "2"]
[White "Glavina, Pablo"]
[Black "Etchegaray, Patrice"]
[Result "1-0"]
[WhiteElo "2400"]
[BlackElo "2335"]

1.e4 c5 2.c3 Nf6 3.e5 Nd5 4.Nf3 e6 5.d4 cxd4 6.cxd4 b6 7.Nc3 Nxc3 8.bxc3 Qc7
9.Bd2 d6 10.Bd3 Nd7 11.O-O dxe5 12.Ng5 Bb7 13.Qh5 g6 14.Qh3 a6 15.Bxg6 hxg6
16.Qxh8 b5 17.Rfe1 Nb6 18.Nh7 O-O-O 19.Nxf8 Qe7 20.Qxe5 Nc4 21.Nxg6 fxg6
22.Bg5  1-0

[Event "Zaragoza op-A"]
[Site "Zaragoza"]
[Date "1995.??.??"]
[Round "2"]
[White "De la Villa Garcia, Jesus Maria"]
[Black "Sion Castro, Marcelino"]
[Result "1-0"]
[WhiteElo "2490"]
[BlackElo "2390"]

1.e4 c5 2.c3 Nf6 3.e5 Nd5 4.d4 cxd4 5.Qxd4 e6 6.Nf3 Nc6 7.Qe4 d6 8.Bb5 Bd7
9.c4 Nb6 10.exd6 Bxd6 11.O-O a6 12.Rd1 Qc7 13.Nc3 O-O 14.Be3 Nc8 15.c5 Bxh2+
16.Nxh2 axb5 17.Nxb5 Qa5 18.a4 Be8 19.Ng4 Qb4 20.Qxb4 Nxb4 21.Nc7 Rxa4 22.Rxa4 Bxa4
23.Rd4  1-0

[Event "Zaragoza op-A"]
[Site "Zaragoza"]
[Date "1995.??.??"]
[Round "5"]
[White "Glavina, Pablo"]
[Black "Kirov, Nino"]
[Result "1/2-1/2"]
[WhiteElo "2400"]
[BlackElo "2455"]

1.e4 c5 2.c3 Nf6 3.e5 Nd5 4.Nf3 Nc6 5.Bc4 Nb6 6.Bb3 c4 7.Bc2 d6 8.exd6 e5
9.O-O Bxd6 10.d4 Bg4 11.Re1 O-O 12.d5 Bxf3 13.Qxf3 Ne7 14.Bg5 f6 15.Qh3 g6
16.Bh6 Rf7 17.Nd2 Qc8 18.Qh4 Nf5 19.Bxf5 Qxf5 20.Be3 Nxd5 21.Nxc4 Bf8 22.Rad1 Rd7
23.Bc1  1/2-1/2

[Event "Zlin-B"]
[Site "Zlin"]
[Date "1995.??.??"]
[Round "?"]
[White "Michenka, Jozef"]
[Black "Pisk, Petr"]
[Result "1/2-1/2"]
[WhiteElo "2375"]
[BlackElo "2275"]

1.e4 c5 2.c3 Nf6 3.e5 Nd5 4.d4 cxd4 5.Nf3 Nc6 6.cxd4 d6 7.Bc4 Nb6 8.Bb5 dxe5
9.Nxe5 Bd7 10.Nc3 Nxe5 11.dxe5 Bxb5 12.Nxb5 a6 13.Qxd8+ Rxd8 14.Nc7+ Kd7
15.Be3 Na4 16.Rc1 Rc8 17.e6+ fxe6 18.Bf4 e5 19.Bxe5 e6 20.Ke2 Nxb2 21.Bxb2 Rxc7
22.Rhd1+ Bd6 23.Rxd6+ Kxd6 24.Be5+ Kxe5 25.Rxc7 Kf6 26.Rxb7 Rc8 27.Rb2  1/2-1/2

[Event "Zlin"]
[Site "Zlin"]
[Date "1995.??.??"]
[Round "?"]
[White "Haba, Petr"]
[Black "Vaulin, Alexander"]
[Result "1/2-1/2"]
[WhiteElo "2410"]
[BlackElo "2490"]

1.e4 c5 2.c3 Nf6 3.e5 Nd5 4.Nf3 e6 5.d4 cxd4 6.cxd4 d6 7.a3 Bd7 8.Bd3 Bc6
9.O-O Nd7 10.Re1 Rc8 11.b4 a6 12.Nbd2 Nc3 13.Qb3 dxe5 14.Bc4 e4  1/2-1/2

[Event "Zuerich op"]
[Site "Zuerich"]
[Date "1995.??.??"]
[Round "4"]
[White "Ekstroem, Roland"]
[Black "Kurz, Eugen"]
[Result "1/2-1/2"]
[WhiteElo "2435"]
[BlackElo "2345"]

1.e4 c5 2.c3 Nf6 3.e5 Nd5 4.d4 cxd4 5.cxd4 e6 6.Nc3 Nxc3 7.bxc3 Qc7 8.Bd2 b6
9.Qg4 Ba6 10.Bxa6 Nxa6 11.Ne2 h5 12.Qe4 Qc6 13.f3 Rc8 14.a4 d5 15.Qe3 Qc4
16.O-O g6 17.g3 Nb8 18.h3 Bh6 19.f4 Nc6 20.Kg2 Kd7 21.Rfb1 Na5 22.Be1 g5
23.fxg5 Bxg5 24.Qf3 Rh7 25.Rb4 Qc6 26.Qd3 Rg7 27.Bd2 Be7 28.Rbb1 Qc4 29.Qxc4 Nxc4
30.Bh6 Rg6 31.Bc1 Rcg8 32.Kh2 h4 33.g4 f5 34.Nf4 R6g7 35.gxf5 exf5 36.a5 Nxa5
37.Rb5 Kc6 38.Rxd5 Rg1 39.Bb2 Rxa1 40.Bxa1 Nc4 41.e6 Rg5 42.Rd7 Bd6 43.d5+ Kc5
44.e7 Bxf4+ 45.Kh1 Rg8 46.Rd8 Bd6 47.Rxg8 Bxe7 48.Rc8+ Kxd5 49.Rc7 Bd6 50.Rxa7 Ke4
51.Ra2 f4 52.Bb2 f3 53.Bc1 Bg3 54.Ra8 Kd3 55.Bg5 Nd6 56.Ra4 b5 57.Ra5 f2
58.Kg2 Kxc3 59.Ra3+ Kc4 60.Rf3 Ne4 61.Bxh4 Bxh4 62.Rf4 Kd3 63.Rxh4 b4 64.Rf4 b3
65.Rf8 b2 66.Rb8 Kc2 67.Kf1 b1=Q+ 68.Rxb1 Kxb1 69.h4 Kc2  1/2-1/2

[Event "TUN-SVK"]
[Site "Sousse"]
[Date "1996.08.05"]
[Round "4"]
[White "Hmadi, Slaheddine"]
[Black "Banas, Jan"]
[Result "1/2-1/2"]
[WhiteElo "2320"]
[BlackElo "2390"]

1.e4 c5 2.c3 Nf6 3.e5 Nd5 4.d4 cxd4 5.Nf3 e6 6.cxd4 d6 7.Nc3 Nxc3 8.bxc3 Qc7
9.Bd2 Nd7 10.exd6 Bxd6 11.Bd3 b6 12.O-O Bb7 13.Re1 O-O  1/2-1/2

[Event "Aarhus int"]
[Site "Aarhus"]
[Date "1996.??.??"]
[Round "2"]
[White "Boe, Mads"]
[Black "Jasnikowski, Zbigniew"]
[Result "1/2-1/2"]
[WhiteElo "2355"]
[BlackElo "2435"]

1.e4 c5 2.c3 Nf6 3.e5 Nd5 4.d4 cxd4 5.cxd4 e6 6.Nf3 b6 7.a3 Be7 8.Bd3 Ba6
9.Bxa6 Nxa6 10.O-O Nb8 11.b3 d6 12.Bb2 Nd7 13.Nbd2 O-O 14.Ne4 dxe5 15.Nxe5 N7f6
16.Qf3 Nxe4 17.Qxe4 Rc8 18.Rac1 Bd6 19.Rc4 b5 20.Rxc8 Qxc8 21.Rc1 Qb7 22.g3 Rc8
23.Rxc8+ Qxc8 24.h4 a5 25.Qd3 Bxe5 26.dxe5 Qc6 27.Bd4 h5 28.Kh2 a4 29.bxa4 bxa4
30.Qe2 Qc1 31.Bb2 Qb1 32.Bd4 Qb3 33.Bc5 Qc3 34.Bd6 Qd4 35.Kg2 g6 36.Qb5 Qe4+
37.Kg1 Qe1+ 38.Kg2 Qe4+ 39.Kg1  1/2-1/2

[Event "Aarhus int"]
[Site "Aarhus"]
[Date "1996.??.??"]
[Round "2"]
[White "Ziska, Bogi"]
[Black "Nielsen, Uffe V"]
[Result "0-1"]
[WhiteElo "2240"]
[BlackElo "2380"]

1.e4 c5 2.c3 Nf6 3.e5 Nd5 4.d4 cxd4 5.cxd4 e6 6.Nc3 Nxc3 7.bxc3 d6 8.Nf3 Qc7
9.Bd2 Bd7 10.Bd3 Bc6 11.O-O Nd7 12.Re1 dxe5 13.Ng5 Bd6 14.Qh5 Nf6 15.Qh3 O-O-O
16.dxe5 Bxe5 17.Nxf7 Rxd3 18.Qxd3 Bxh2+ 19.Kh1 Qxf7 20.Kxh2 Ng4+ 21.Kg3 Qxf2+
22.Kxg4 h5+  0-1

[Event "Aarhus int"]
[Site "Aarhus"]
[Date "1996.??.??"]
[Round "4"]
[White "Pedersen, Nicolai Vesterbaek"]
[Black "Jasnikowski, Zbigniew"]
[Result "1/2-1/2"]
[WhiteElo "2290"]
[BlackElo "2435"]

1.e4 c5 2.c3 Nf6 3.e5 Nd5 4.d4 cxd4 5.Nf3 e6 6.cxd4 b6 7.Bd3 Ba6 8.O-O Be7
9.Nc3 Nxc3 10.bxc3 Bxd3 11.Qxd3 d5 12.exd6 Bxd6 13.Qe4 Nd7 14.Bg5 Qc8 15.Qg4 h5
16.Qh3 g6 17.Rfe1 Kf8 18.Rxe6 fxe6 19.Qxe6 Qc7 20.Qxg6 Re8 21.Bf6 Nxf6 22.Qxf6+ Kg8
23.Qg6+ Kf8  1/2-1/2